|
|
|
|
| LEADER |
00000nam a2200000 a 4500 |
| 001 |
vtls001449975 |
| 003 |
SK-MaSNL |
| 005 |
20260301203116.0 |
| 008 |
240318s1911 xx 0 und |
| 035 |
|
|
|a SNK000405259
|
| 040 |
|
|
|a SNK
|b slo
|c SNK
|e AACR2
|
| 041 |
0 |
|
|a und
|
| 044 |
|
|
|a xx
|
| 100 |
1 |
|
|a Denis, Ernest,
|d 1849-1921
|4 aut
|9 115960
|
| 245 |
1 |
0 |
|a Čechy po Bílé Hoře
|n Díl 2., Kniha prvá, Kniha třetí
|
| 260 |
|
|
|a Praha
|b Tiskem a nákladem F.Šimáčka
|c 1911
|
| 300 |
|
|
|a 303, 85-414 s.
|
| 958 |
|
|
|a ONDV
|
| 999 |
|
|
|c 901366
|d 903296
|
| 952 |
|
|
|t P60, <04>, [BOOK], {604}
|a SNK
|b SNK
|y VYP
|7 0
|o snkID 646/45/2 D1
|0 0
|1 0
|4 0
|d 2003-02-19
|l 0
|r 2005-01-02 00:00:00
|w 2026-02-24
|